Normal view
MARC view
- Gifted children
Entry Topical Term
001 - CONTROL NUMBER
- control field: 106660
003 - CONTROL NUMBER IDENTIFIER
- control field: NUST
005 - DATE AND TIME OF LATEST TRANSACTION
- control field: 20230102175321.0
008 - FIXED-LENGTH DATA ELEMENTS
- fixed length control field: 230102|| aca||aabn | a|a d
040 ## - CATALOGING SOURCE
- Original cataloging agency: NUST
- Transcribing agency: NUST
150 ## - HEADING--TOPICAL TERM
- Topical term or geographic name entry element: Gifted children
- General subdivision: Education
- Geographic subdivision: United States
670 ## - SOURCE DATA FOUND
- Source citation: Work cat.: (NUST)185877: Perrone, Philip A. 106659, The developmental education and guidance of talented learners /, 1981.
